| Tag |
First Indicator |
Second Indicator |
Subfields |
| LEADER |
00000cam a2200000 a 4500 |
| 001 |
in00000985331 |
| 005 |
20150927182107.0 |
| 008 |
910403s1990 dcu f00000 eng d |
| 010 |
|
|
|a (DG91069352
|
| 035 |
|
|
|a (OCoLC)23368582
|
| 035 |
|
|
|9 AEZ2954AM
|
| 040 |
|
|
|a GPO
|c GPO
|d DLC
|d UtOrBLW
|
| 043 |
|
|
|a n-us---
|a as-----
|
| 074 |
|
|
|a 864-B-4
|
| 086 |
0 |
|
|a S 1.128:P 93/990
|
| 245 |
0 |
0 |
|a POW-MIAs in Southeast Asia.
|
| 264 |
|
1 |
|a [Washington, D.C.] :
|b [U.S. Dept. of State, Bureau of Public Affairs, Office of Public Communications],
|c [1990]
|
| 300 |
|
|
|a 2 unnumbered pages ;
|c 28 cm.
|
| 336 |
|
|
|a text
|b txt
|2 rdacontent
|
| 337 |
|
|
|a unmediated
|b n
|2 rdamedia
|
| 338 |
|
|
|a volume
|b nc
|2 rdacarrier
|
| 490 |
1 |
|
|a Gist
|
| 500 |
|
|
|a Caption title.
|
| 500 |
|
|
|a "December 1990"--P. [1].
|
| 650 |
|
0 |
|a Vietnam War, 1961-1975
|x Prisoners and prisons.
|
| 650 |
|
0 |
|a Prisoners of war
|z Southeast Asia.
|
| 650 |
|
0 |
|a Prisoners of war
|x Government policy
|z United States.
|
| 650 |
|
0 |
|a Missing in action.
|
| 651 |
|
0 |
|a Southeast Asia
|x Politics and government
|y 1945-
|
| 710 |
1 |
|
|a United States.
|b Department of State.
|b Office of Public Communications.
|
| 830 |
|
0 |
|a Gist.
|
| 999 |
|
|
|a MARS
|
| 999 |
f |
f |
|s 4b797e25-f88f-3fd4-a4cb-cda432ed3ec7
|i 36d5b5d8-56d7-3026-b517-aaa06449c26e
|t 0
|
| 952 |
f |
f |
|p normal
|a Texas A&M University
|b College Station
|c Sterling C. Evans Library
|d Evans: US Documents (Annex 5th floor)
|t 0
|e S 1.128:P 93/990
|h Superintendent of Documents classification
|i unmediated -- volume
|m A14814838404
|
| 998 |
f |
f |
|a S 1.128:P 93/990
|t 0
|l Evans: US Documents (Annex 5th floor)
|